01135nam a2200229 a 4500001001000000003000400010005001700014008004100031020001500072040002500087082001700112111010400129245021300233260007200446300002800518490008300546500005000629504007300679700003600752700003700788830008000825000005247OSt20200929151624.0090818s1985 es a 001 0 spa d a8400059344 aDO-SdBNPbspacBNPHU axxxxxbA543a1 aJornadas de Andalucía y AméricacUniversidad de Santa María de la Rábidan(3 : 1983 marzo )10aAndalucía y América en el siglo XVII :bactas de las III Jornadas de Andalucía y América (Universidad de Santa María de la Rábida) /cedición Bibiano Torres Ramírez, José Hernández Palomo. aSevilla, España :bEscuela de Estudios Hispano-Americanos,c1985. a411 p. :bil. ;c25 cm.1 aPublicaciones de la Escuela de Estudios Hispano-Americanos de Sevilla 308v308 aPublicación conmemorativa del V centenario. aIncluye notas y referencias bibliográficas al pie de las páginas1 aTorres Ramírez, Bibiano,eed.1 aHernández Palomo, José,eed. 0aPublicaciones de la Escuela de Estudios Hispano-Americanos de Sevilla.n308